Využívanie možnosti oceňovať finančné aktíva a finančné záväzky v objektívnej hodnote (USA)

Vo februári 2007 bol publikovaný nový americký účtovný štandard SFAS 159, ktorý sa týka možnosti podnikov oceňovať svoje finančné aktíva a záväzky v objektívnej hodnote (fair value).

Guardado en:
Detalles Bibliográficos
Autor principal: Tumpach, Miloš, 1970-
Formato: Capítulo de libro
Lenguaje:eslovaco
Materias:
Etiquetas: Agregar Etiqueta
Sin Etiquetas, Sea el primero en etiquetar este registro!

MARC

LEADER 00000nla$a2200000$$$4500
001 0133939
005 20240502072514.0
041 0 |a slo 
044 |a SK 
245 1 0 |a Využívanie možnosti oceňovať finančné aktíva a finančné záväzky v objektívnej hodnote (USA)  |c Miloš Tumpach 
520 |a Vo februári 2007 bol publikovaný nový americký účtovný štandard SFAS 159, ktorý sa týka možnosti podnikov oceňovať svoje finančné aktíva a záväzky v objektívnej hodnote (fair value). 
610 2 0 |a štandardy účtovné medzinárodné 
610 2 0 |a aktíva 
610 2 0 |a záväzky 
610 2 0 |a financie podnikové 
100 1 |a Tumpach, Miloš, 1970-